00487nam a2200133Ia 4500008004100000100001800041245013500059245001800194260005300212260001800265300000800283650001500291856004700306170221s9999 xx 000 0 und d aKamilah Ahmad 4aThe implementation of management accounting practice and its relationship with performance in Small and Medium Enterprises sector  cKamilah Ahmad bInternational Review of Management and Marketing cNovember 2016 a5:4 xMarketing. uhttp://www.econjournals.com/index.php/irmm